The Magic Whip Tracklist (Blur) - Statistics

General Stats
  • This quiz has been taken 4 times
  • The average score is 9 of 12
Answer Stats
Hint Answer % Correct
3 Go Out
100%
1 Lonesome Street
100%
10 Pyongyang
100%
5 Thought I Was a Spaceman
100%
4 Ice Cream Man
75%
12 Mirrorball
75%
11 Ong Ong
75%
9 Ghost Ship
50%
6 I Broadcast
50%
2 New World Towers
50%
8 There Are Too Many of Us
50%
7 My Terracotta Heart
25%
No matching quizzes found
Score Distribution
Percent of People with Each Score
Percentile by Number Answered
Your Score History
You have not taken this quiz